Online
Catalog

Los americanos en las órdenes nobiliarias / (Record no. 40607)

MARC details
000 -CABECERA
campo de control de longitud fija 01065nam a2200241 a 4500
001 - NÚMERO DE CONTROL
campo de control 000041117
005 - FECHA Y HORA DE LA ÚLTIMA TRANSACCIÓN
campo de control 20201002034631.0
008 - DATOS DE LONGITUD FIJA--INFORMACIÓN GENERAL
campo de control de longitud fija 130918s1993 sp r 001 0 spa d
040 ## - FUENTE DE LA CATALOGACIÓN
Centro catalogador/agencia de origen DO-SdBNP
Lengua de catalogación spa
Centro/agencia transcriptor BNPHU
082 ## - NÚMERO DE LA CLASIFICACIÓN DECIMAL DEWEY
Número de clasificación xxxx
Número de documento/Ítem xxxx
100 1# - ENTRADA PRINCIPAL--NOMBRE DE PERSONA
Nombre de persona Lohmann Villena, Guillermo
9 (RLIN) 3144
245 10 - MENCIÓN DE TÍTULO
Título Los americanos en las órdenes nobiliarias /
Mención de responsabilidad, etc. Guillermo Lohman Villena.
250 ## - MENCIÓN DE EDICIÓN
Mención de edición 2a ed
260 ## - PUBLICACIÓN, DISTRIBUCIÓN, ETC.
Lugar de publicación, distribución, etc. Madrid :
Nombre del editor, distribuidor, etc. Consejo Superior de Investigaciones Científicas,
Fecha de publicación, distribución, etc. 1993.
300 ## - DESCRIPCIÓN FÍSICA
Extensión v. ;
Dimensiones 25 cm.
490 1# - MENCIÓN DE SERIE
Mención de serie Biblioteca de historia de América
Designación de volumen o secuencia 7
500 ## - NOTA GENERAL
Nota general los dos volúmenes de esta obra son reimpresión de la original publicada en 1947, y recogen las genealogías de los caballeros americanos miembros de las cinco órdenes militares españolas.
504 ## - NOTA DE BIBLIOGRAFÍA, ETC.
Nota de bibliografía, etc. Incluye referencias bibliográficas y notas al pie de las páginas
590 ## - NOTA LOCAL (RLIN)
Nota local Inventariado, 2019/BT
700 1# - PUNTO DE ACCESO ADICIONAL--NOMBRE DE PERSONA
Nombre de persona Solano, Francisco de,
Término indicativo de función/relación Preambulo
9 (RLIN) 15306
710 2# - PUNTO DE ACCESO ADICIONAL--NOMBRE DE ENTIDAD CORPORATIVA
Nombre de entidad corporativa o nombre de jurisdicción como elemento de entrada Consejo Superior de Investigaciones Científicas
9 (RLIN) 4786
830 #0 - PUNTO DE ACCESO ADICIONAL DE SERIE-TÍTULO UNIFORME
Título uniforme Biblioteca de historia de América
Número de parte o sección de la obra 7
9 (RLIN) 67662
Holdings
Estado de retiro Estado de pérdida Restricciones de uso No para préstamo Código de colección Localización permanente Ubicación/localización actual Ubicación en estantería Fecha de adquisición Número de inventario Total de préstamos Signatura topográfica completa Código de barras Fecha visto por última vez Precio válido a partir de Tipo de ítem Koha
      Excluido de préstamo Monografías: Libros y Folletos General General Depósito 18.09.2013 LF1   xxxx xxxx 41117-10 25.06.2020 25.06.2020 No se presta

Powered by Koha